Eco trends : Japan's response to environmental concerns

Uloženo v:
Podrobná bibliografie
Médium: Kniha
Jazyk:Undetermined
Vydáno: U.S.A. The Nikkel Weekly 1991
Témata:
Tagy: Přidat tag
Žádné tagy, Buďte první, kdo otaguje tento záznam!
Thư viện lưu trữ: Trung tâm Học liệu Trường Đại học Cần Thơ
LEADER 00480nam a2200169Ia 4500
001 CTU_95388
008 210402s9999 xx 000 0 und d
082 |a 363.7 
082 |b E19 
245 0 |a Eco trends : 
245 0 |b Japan's response to environmental concerns 
260 |a U.S.A. 
260 |b The Nikkel Weekly 
260 |c 1991 
650 |a Environmental protection,Environmental policy 
904 |i Tuyến 
980 |a Trung tâm Học liệu Trường Đại học Cần Thơ